Shenzhen City Quiz - Statistics

General Stats
  • This quiz has been taken 45 times
  • The average score is 9 of 20
Answer Stats
Hint Answer % Correct
Province in which Shenzhen is located Guangdong
100%
Special Administrative Region that Shenzhen borders Hong Kong
93%
General architect of this political policy Deng Xiaoping
78%
River that enters the sea west of Shenzhen Pearl River
75%
Tidal river on the border with this region Shenzhen River
68%
Theme park in this “town” that has replicas of buildings from around the world Window of the World
60%
Major road that stretches 17.2 kilometers pass the city center of Shenzhen Shennan Road
50%
Tallest buildings in Shenzhen Ping An Finance Center
48%
Tallest mountain in Shenzhen, located east of the city Wutong Mountain
45%
Street known for once being the border between Chinese and British territory Chung Ying Street
43%
Long beach north of Mirs Bay east of Shenzhen Dameisha Beach
40%
Urban mountain park in northern Shenzhen with tropical plants and kites Lianhua Mountain
40%
Political period and policy in which Shenzhen is developed as an economic zone Chinese Economic Reform
35%
“Town” that is made up of four theme parks in western Shenzhen Overseas Chinese Town
35%
Kingkey 100
28%
Theme park in this “town” that exhibits culture of Chinese ethnic minorities Jinxiu Zhonghua Village
25%
Ancient town of the Hakka people north of Shenzhen Gankeng Hakka Town
23%
Walled fortress east of Shenzhen defending the area from invaders at sea Dapeng Fortress
20%
Buddhist temple by this mountain visited by many locals Hongfa Temple
18%
Mountain forest park northwest of Shenzhen, origin of many rivers in the city Yangtai Mountain
18%
No matching quizzes found
Score Distribution
Percent of People with Each Score
Percentile by Number Answered
Your Score History
You have not taken this quiz